| 000 | 00518nam a2200169 i 4500 | ||
|---|---|---|---|
| 001 | 52241 | ||
| 003 | ES-MaACL | ||
| 005 | 20250530063009.0 | ||
| 007 | t| | ||
| 008 | 030827s1967 sp ||||1| spa d | ||
| 100 | 1 |
_aChumy-Chúmez, _d1927-2003 _938700 |
|
| 245 | 1 | 3 |
_aEl campo, los pobres, los ricos, la opinión, U.S.A. y etcétera / _cChumy Chúmez. |
| 260 |
_aMadrid : _bCiencia Nueva, _c[1967] |
||
| 300 |
_a128 p., 52 lám. ; _c20 cm. |
||
| 852 |
_aES-MaACL _jC-34136 _bR.64790 |
||
| 999 |
_c52241 _d52241 |
||